El rey del salón oscuro

Tallennettuna:
Bibliografiset tiedot
Päätekijä: Tagore, Rabindranath (Tekijä)
Aineistotyyppi: Kirja
Kieli:espanja
Julkaistu: Madrid Alianza 1983
Sarja:El libro del bolsillo Alianza. Sección literatura, 966
Aiheet:
Tagit: Lisää tagi
Ei tageja, Lisää ensimmäinen tagi!

MARC

LEADER 00000nam a2200000 a 4500
001 UCX5372
003 CL-VaPUC
008 921028e19830000SP |||||||||||||||||spa|d
082 0 4 |a 891.402  |b TAG  |2 21 
100 0 |a Tagore, Rabindranath  |e author  |9 321635 
245 1 3 |a El rey del salón oscuro 
300 |a 115 p 
942 |c BK 
945 |d 19921028 00:00:00 
260 |a Madrid  |b Alianza  |c 1983 
650 7 |a DRAMAS HINDUES  |2 CL-VaPUC  |9 321636 
583 |a last modification  |c 19921028 00:00:00  |k Rodrigo Vera 
490 0 |a El libro del bolsillo Alianza. Sección literatura, 966 
999 |c 225634  |d 225632 
952 |0 0  |1 0  |4 0  |6 891_402000000000000_TAG_1983  |7 0  |8 A  |9 223340  |a BIBEDU  |b BIBEDU  |d 2019-11-15  |i 2921723  |o 891.402 TAG 1983  |p 2921723  |r 2019-11-15  |w 2019-11-15  |y BK  |k LIT